|
|
|
|
| LEADER |
02386nam a2200601 i 4500 |
| 001 |
nkc20061639874 |
| 003 |
CZ PrNK |
| 005 |
20200709115920.0 |
| 007 |
ta |
| 008 |
060126s2006 xr e p 001 0 cze |
| 015 |
|
|
|a cnb001639874
|
| 020 |
|
|
|a 80-247-1705-0
|q (brožováno)
|
| 020 |
|
|
|a 978-80-247-1705-0
|q (dotisk ;
|q brožováno)
|z 80-247-1705-0
|
| 035 |
|
|
|a (OCoLC)77168531
|
| 040 |
|
|
|a OLA001
|b cze
|d BOA001
|d ABA001
|e rda
|
| 072 |
|
7 |
|a 316
|x Sociologie
|2 Konspekt
|9 18
|
| 072 |
|
7 |
|a 37.016
|x Učební osnovy. Vyučovací předměty. Učebnice
|2 Konspekt
|9 22
|
| 080 |
|
|
|a 316
|2 MRF
|
| 080 |
|
|
|a 316.354
|2 MRF
|
| 080 |
|
|
|a 316.334.22
|2 MRF
|
| 080 |
|
|
|a (075.8)
|2 MRF
|
| 100 |
1 |
|
|a Nový, Ivan,
|d 1956-
|7 jo2001100408
|4 aut
|
| 245 |
1 |
0 |
|a Sociologie pro ekonomy a manažery /
|c Ivan Nový, Alois Surynek a kolektiv
|
| 250 |
|
|
|a 2., přepracované a rozšířené vydání
|
| 264 |
|
1 |
|a Praha :
|b Grada Publishing,
|c 2006
|
| 300 |
|
|
|a 287 stran ;
|c 24 cm
|
| 336 |
|
|
|a text
|b txt
|2 rdacontent
|
| 337 |
|
|
|a bez média
|b n
|2 rdamedia
|
| 338 |
|
|
|a svazek
|b nc
|2 rdacarrier
|
| 490 |
1 |
|
|a Manažer
|
| 490 |
1 |
|
|a Management
|
| 500 |
|
|
|a Na rubu titulní stránky uvedeno chybně: první vydání
|
| 500 |
|
|
|a V roce 2007 dotisk
|
| 504 |
|
|
|a Obsahuje bibliografii, bibliografické odkazy a rejstřík
|
| 521 |
8 |
|
|a Určeno vysokoškolským studentům, manažerům, personalistům, marketingovým specialistům a lektorům
|
| 650 |
0 |
7 |
|a sociologie
|7 ph116198
|2 czenas
|
| 650 |
0 |
7 |
|a sociologie organizace
|7 ph135561
|2 czenas
|
| 650 |
0 |
7 |
|a sociologie práce
|7 ph135559
|2 czenas
|
| 650 |
0 |
9 |
|a sociology
|2 eczenas
|
| 650 |
0 |
9 |
|a organizational sociology
|2 eczenas
|
| 650 |
0 |
9 |
|a sociology of work
|2 eczenas
|
| 655 |
|
7 |
|a učebnice vysokých škol
|7 fd133772
|2 czenas
|
| 655 |
|
9 |
|a textbooks (higher)
|2 eczenas
|
| 700 |
1 |
|
|a Surynek, Alois,
|d 1954-
|7 jo20000082636
|4 aut
|
| 830 |
|
0 |
|a Manažer
|0 s
|
| 830 |
|
0 |
|a Management (Grada)
|0 s
|
| 856 |
4 |
1 |
|u https://www.digitalniknihovna.cz/mzk/uuid/uuid:5f0099b0-05f6-11ea-a20e-005056827e51
|y Digitalizovaný dokument
|x NDK
|
| 910 |
2 |
|
|a BOA001
|b 2-1174.807
|
| 990 |
|
|
|a BK
|
| 995 |
|
|
|a 01
|
| 991 |
|
|
|b 200610
|c NOV
|
| 996 |
6 |
|
|b 2610290759
|c 2-1174.807
|l MZK
|r Sklad / do 1 hodiny
|n 52
|p p.v.
|w 000826979
|u 000010
|a 1
|e BOA001
|j MZK50
|s P
|
| 996 |
7 |
|
|b 2610876406
|c 2-1174.807
|l MZK
|r Sklad / do 1 hodiny
|n 1
|p dar
|w 000826979
|u 000020
|a 1
|e BOA001
|j MZK50
|s A
|